Learning from the apostles. (Record no. 14212)

000 -LEADER
fixed length control field 00556nam a2200181 a 4500
001 - CONTROL NUMBER
control field :::00012039$&:&@@
003 - CONTROL NUMBER IDENTIFIER
control field OkBaRHE
005 - DATE AND TIME OF LATEST TRANSACTION
control field 20000607103415.0
008 - FIXED-LENGTH DATA ELEMENTS--GENERAL INFORMATION
fixed length control field s1971 j 000 0 eng u
040 ## - CATALOGING SOURCE
Transcribing agency
100 1# - MAIN ENTRY--PERSONAL NAME
Personal name Millard, Amos D.
245 10 - TITLE STATEMENT
Title Learning from the apostles.
260 ## - PUBLICATION, DISTRIBUTION, ETC. (IMPRINT)
Place of publication, distribution, etc Springfield, MO., :
Name of publisher, distributor, etc Gospel Pubishing House
Date of publication, distribution, etc c1971
300 ## - PHYSICAL DESCRIPTION
Extent 127 p. ;
Dimensions 18 cm.
650 ## - SUBJECT ADDED ENTRY--TOPICAL TERM
Topical term or geographic name as entry element Assemblies of God
General subdivision Church Work
942 ## - ADDED ENTRY ELEMENTS (KOHA)
Source of classification or shelving scheme
Koha item type Books
Copies
Permanent Location Not for loan Date last seen Price effective from Withdrawn status Copy number Koha item type Shelving location Source of classification or shelving scheme Lost status Barcode Damaged status Date acquired Full call number
RHEMA Bible Training College 2010-04-142010-04-14 1BooksGeneral Stacks  12039 2010-04-14BX 8769 .M5